Successful breastfeeding
| Main Author: | |
|---|---|
| Format: | Book |
| Published: |
London :
Sheldon Press ,
1985
|
| Subjects: |
MARC
| LEADER | 00000cam a2200000 7i4500 | ||
|---|---|---|---|
| 001 | 0000000777 | ||
| 002 | 000000877 | ||
| 005 | 20000330.0 | ||
| 020 | |a 0859694712 | ||
| 090 | 0 | 0 | |a 649.33 |b NEI |
| 100 | 1 | |a Neilson, Joan | |
| 245 | 1 | 0 | |a Successful breastfeeding |c Joan Neilson |
| 260 | |a London : |b Sheldon Press , |c 1985 | ||
| 300 | |a 88p. ; |c 18cm. | ||
| 650 | 0 | 0 | |a Breastfeeding |
| 999 | |a 030991 |b BUKU |c PINJAMAN |e PERPUSTAKAAN KOMUNITI PETALING JAYA | ||
| 999 | |a 030992 |b BUKU |c PINJAMAN |e PERPUSTAKAAN KOMUNITI PETALING JAYA | ||